Trouve le Drapeau correspondant au Pays - Statistiques

Statistiques générales
  • Ce quiz a été pris 238 fois
  • Le résultat moyen est 26 sur 30
Statistiques - réponses
Question Tuile Select % Correct
Nouvelle-Zélande Non
98%
Finlande Non
97%
Pologne Non
96%
Andorre Non
96%
Irlande Non
96%
Sénégal Non
96%
Pays-Bas Non
96%
Costa Rica Non
95%
Pays-Bas Oui
93%
Finlande Non
92%
Finlande Oui
92%
Pays-Bas Non
92%
Pologne Non
90%
Sénégal Non
89%
Sénégal Oui
88%
Pologne Oui
87%
Costa Rica Non
87%
Honduras Non
87%
Soudan Non
86%
Costa Rica Oui
86%
Andorre Oui
84%
Andorre Non
83%
Irlande Oui
83%
Irlande Non
82%
Nouvelle-Zélande Oui
77%
Nouvelle-Zélande Non
75%
Soudan Non
72%
Honduras Non
69%
Soudan Oui
61%
Honduras Oui
61%
Aucun quiz correspondant
Distribution des résultats
% des personnes avec chaque résultat
Percentile par nombre de réponses
Votre historique - résultats
Vous n’avez pas pris ce quiz